Association of Residential Letting Agents (Record no. 120481)
[ view plain ]
| 000 -LEADER | |
|---|---|
| fixed length control field | 00922cad a2200181 4500 |
| 001 - CONTROL NUMBER | |
| control field | ##L133265 |
| 008 - FIXED-LENGTH DATA ELEMENTS--GENERAL INFORMATION | |
| fixed length control field | 101112n 000 0 eng u |
| 035 ## - SYSTEM CONTROL NUMBER | |
| System control number | (Sirsi) u133265 |
| 041 0# - LANGUAGE CODE | |
| Language code of text/sound track or separate title | eng |
| 050 04 - LIBRARY OF CONGRESS CALL NUMBER | |
| Classification number | 346.4104342 $2 18 |
| 110 2# - MAIN ENTRY--CORPORATE NAME | |
| Corporate name or jurisdiction name as entry element | Association of Residential Letting Agents |
| 9 (RLIN) | 3020 |
| 245 00 - TITLE STATEMENT | |
| Title | Association of Residential Letting Agents |
| Medium | [electronic resource] |
| 520 ## - SUMMARY, ETC. | |
| Summary, etc. | Association of Residential Lettings Agents (ARLA) formed in 1981 as the professional and regulatory body for letting agents in the UK. Produces a quarterly review of residential investment in the UK aimed at the buy-to-let market together with information fact sheets for tenants and landlords. |
| 650 24 - SUBJECT ADDED ENTRY--TOPICAL TERM | |
| Topical term or geographic name entry element | ARLA QUARTERLY REVIEW AND INDEX FOR RESIDENTIAL INVESTMENT |
| 690 00 - LOCAL SUBJECT ADDED ENTRY--TOPICAL TERM (OCLC, RLIN) | |
| Topical term or geographic name as entry element | PROPERTY-RESIDENTIAL PROPERTY-RESIDENTIAL PROPERTY MARKET |
| 856 ## - ELECTRONIC LOCATION AND ACCESS | |
| Uniform Resource Identifier | <a href="https://www.arla.co.uk">https://www.arla.co.uk</a> |
| Public note | View the ARLA WEBSITE at www.arla.co.uk... |
| 942 ## - ADDED ENTRY ELEMENTS (KOHA) | |
| Suppress in OPAC | 0 |
| Withdrawn status | Lost status | Source of classification or shelving scheme | Damaged status | Not for loan | Home library | Current library | Shelving location | Date acquired | Total Checkouts | Full call number | Barcode | Date last seen | Copy number | Price effective from | Koha item type |
|---|---|---|---|---|---|---|---|---|---|---|---|---|---|---|---|
| Dewey Decimal Classification | Virtual | Virtual | Online | 24/04/2006 | ONLINE PUBLICATION | 133265-2001 | 06/08/2019 | 1 | 06/08/2019 | Online material |